[Event "Ruhrgebiet VK3 0910"]
[Site "Ruhrgebiet"]
[Date "2010.03.21"]
[Round "8.5"]
[White "Armbruester, Juergen"]
[Black "Czilwik, Frank"]
[Result "1-0"]
[WhiteElo "1910"]
[BlackElo "1724"]
[PlyCount "87"]
[EventDate "2009.09.06"]
[EventType "team"]
[EventRounds "9"]
[EventCountry "GER"]
[SourceTitle "EXT 2011"]
[Source "ChessBase"]
[SourceDate "2010.11.26"]
[SourceVersion "1"]
[SourceVersionDate "2010.11.26"]
[SourceQuality "1"]
[WhiteTeam "Katernberg III"]
[BlackTeam "Gelsenkirchen"]
[WhiteTeamCountry "GER"]
[BlackTeamCountry "GER"]

1. e4 e5 2. Nf3 Nf6 3. Nxe5 d6 4. Nf3 Nxe4 5. d4 d5 6. Bd3 Be7 7. 0-0 Bg4 8. h3 Bh5 9. Re1 Nc6 10. c4 Nf6 11. cxd5 Nxd5 12. Nc3 0-0 13. Nxd5 Qxd5 14. Be4 Qd6 15. g4 Bg6 16. Bxc6 bxc6 17. Ne5 Bf6 18. Bf4 Bxe5 19. dxe5 Qb4 20. Qd2 Qb5 21. Qc3 Rfd8 22. Red1 Be4 23. Rd2 Rxd2 24. Qxd2 Bd5 25. Be3 Qc4 26. f4 Qe4 27. Kh2 Qf3 28. Qf2 Qe4 29. Bd4 a6 30. Re1 Qd3 31. a3 Rd8 32. Bc3 h6 33. Qe2 Qxe2+ 34. Rxe2 f6 35. Rd2 Kf8 36. Kg3 Ke8 37. f5 Ke7 38. Kf4 g5+ 39. Kg3 Bc4 40. h4 Rd3+ 41. Rxd3 Bxd3 42. hxg5 hxg5 43. Bb4+ Ke8 44. Bd2 1-0